Origine des prénoms 2 (click quiz) - Statistiques

Statistiques générales
  • Ce quiz a été pris 51 fois
  • Le résultat moyen est 5 sur 10
Statistiques - réponses
Hint Réponse % Correct
Hélios Grecque
89%
Hermann Germanique
78%
Idris Arabe
58%
Florentin Latine
53%
Benjamin Hébraïque
51%
Ladislas Slave
49%
Dylan Galloise
44%
Shéhérazade Persane
38%
Ingrid Scandinave
36%
Tugdual Celtique
29%
Aucun quiz correspondant
Distribution des résultats
% des personnes avec chaque résultat
Percentile par nombre de réponses
Votre historique - résultats
Vous n’avez pas pris ce quiz